000 01313cam a22003617a 4500
003 CHAP
005 20220329142320.0
008 000615d1999 mx a r 00110 spa d
010 _a81559
011 _a82531
035 _a93029
040 _cCHAP
090 _aTesis
100 0 0 _aLópez Ramos, Gerardo.
_968259
245 1 0 _aDeterminación del potencial de reventado de tres colectas de maiz de la raza palomero Toluqueño (Zea mays L.)
_c/por Gerardo López Ramos
260 _aChapingo, Méx. :
_bEl autor,
_c1999.
300 _a65 h. :
_bilus. ; gráfs.
502 _aTesis (Ing Agr. Esp, en Fitotecnia) -- UACH. Departamento de Fitotecnia
590 _aALEPH
_b10
_c20130110
_lUCH01
_h1436
590 _aBATCH-UPD
_b10
_c20130110
_lUCH01
_h0214
590 _aBATCH-UPD
_b10
_c20130110
_lUCH01
_h2343
590 _aBATCH-UPD
_b10
_c20130409
_lUCH01
_h2231
590 _aBATCH-UPD
_b10
_c20130410
_lUCH01
_h1631
590 _aBATCH-UPD
_b10
_c20130914
_lUCH01
_h1756
590 _aCONVERSION
_b10
_c20130109
_lUCH01
_h1345
650 1 4 _aMaíz palomero
_xRendimiento.
_971124
650 1 4 _aMaíz palomero
_xVariedades.
_971125
901 _aBK
905 _aMayto Villalobos S.
942 _cFOLL
949 _bBC
_cTES
_d33724000783700
_eTS2
_fc.2
_h36543
_i93029
_sb
949 _bBC
_cTES
_d930291
_eTS1
_h36542
_i93029
_sb
999 _c81559
_d81559